| 000 | 00681nam a22001817a 4500 | ||
|---|---|---|---|
| 999 |
_c15044 _d15044 |
||
| 003 | OSt | ||
| 082 | _2631.56 JIG/PE | ||
| 088 | _aP 16 | ||
| 100 |
_aJIGIMON T _93943 |
||
| 245 | _aPerformance evaluation of flat plate collector solar water heating system | ||
| 260 |
_aTavanur 1993 _bDepartment of Agricultural Processing and Structures |
||
| 300 | _a65 | ||
| 500 | _aPerformance evaluation of flat plate collector solar water heating system | ||
| 520 | _aPerformance evaluation of flat plate collector solar water heating system | ||
| 700 |
_aEr. Santhi Mary Mathew (Guide) _93907 |
||
| 856 | _uhttps://drive.google.com/open?id=1qFiNd8feUATfr9t1TfKJ2LCbgq8YXacG | ||
| 942 | _cPR | ||